Statistics for First 10 Players To Score A Hat-trick In PL

Click here to take the quiz!

General Stats

  • This quiz has been taken 14 times
  • The average score is 3 of 10

Answer Stats

Team and OpponentsAnswer% Correct
QPR v ForestFerdinand
85%
Leeds v TottenhamCantona
69%
Tottenham v IpswichSheringham
69%
Norwich v LeedsSutton
38%
Sheff Utd v IpswichDeane
15%
Norwich v OldhamRobins
15%
Sheff Wed v SouthamptonBart - Williams
0%
Middlesborough v BlackburnHendrie
0%
QPR V EvertonSinton
0%
Leeds V BlackburnStrachan
0%

Score Distribution

Percentile by Number Answered

Percent of People with Each Score

Your Score History

You have not taken this quiz